Statistics for State Quiz - Oregon

Click here to take the quiz!

General Stats

  • This quiz has been taken 20,659 times
    (16,081 since last reset)
  • The average score is 11 of 20

Answer Stats

HintAnswer% Correct
Most populous cityPortland
97%
State capitalSalem
89%
City where the Simpsons live, according to creator Matt GroeningSpringfield, Oregon
77%
Explorers who traveled through Oregon in 1805 and 1806Lewis and Clark
72%
State nickname (hint: an animal)The {Beaver} State
68%
Deepest lake in the U.S., found inside a former volcano{Crater} Lake
67%
River on the Washington borderColumbia
63%
Volcanic range that the above is part ofCascade Range
59%
Oregon's biggest company, founded by Phil KnightNike
57%
River on the Idaho borderSnake River
56%
What is a dungeness?Crab
55%
What does Tillamook make?Dairy Products
54%
Tallest mountainMount Hood
54%
Largest city in central OregonBend
47%
In Oregon, there is a Armillaria ostoyae sometimes called the
largest organism in the world. What is it?
a Fungus
44%
Steve Prefontaine's sportRunning
43%
Oregon is responsible for 99% of U.S. filbert production. What is a filbert?Hazelnut
41%
River valley that was the destination of Oregon Trail pioneersWillamette
37%
Cloudy city where the movies "Kindergarten Cop" and "Goonies" were setAstoria
36%
Deepest canyon in the United States, carved by the above{Hell}s Canyon
31%

Score Distribution

Percentile by Number Answered

Percent of People with Each Score

Your Score History

You have not taken this quiz since the last reset